[Event "Xtracon Chess Open 2018"]
[Site "Elsinore"]
[Date "2018.07.21"]
[Round "1"]
[White "Larsen, Ulrik"]
[Black "Jensen, Johannes Frank"]
[Result "1-0"]
[WhiteElo "2011"]
[BlackElo "1354"]
[EventDate "2018.07.21"]
[WhiteFideId "1441167"]
[BlackFideId "1457942"]

1.e4 d5 2.exd5 Qxd5 3.Nc3 Qa5 4.d4 c6 5.Nf3 Nf6 6.Bd2 Bg4 7.h3 Bxf3 8.Qxf3
e6 9.Bd3 Nbd7 10.O-O Qd8 11.Rfe1 Bd6 12.Bg5 h6 13.Ne4 Be7 14.Bf4 Nxe4 15.
Bxe4 Nf6 16.Rad1 Qb6 17.c4 Qxb2 18.Bxc6+ Kf8 19.Bxb7 Re8 20.Bc6 Rc8 21.d5 
Qxa2 22.d6 Bd8 23.d7 Nxd7 24.Rxd7 Qa5 25.Bd6+ Kg8 26.Qxf7+ Kh7 27.Qxg7# 
1-0

[Event "Xtracon Chess Open 2018"]
[Site "Elsinore"]
[Date "2018.07.21"]
[Round "1"]
[White "Schouten, Ken Ronny"]
[Black "Rasmussen, Ken L."]
[Result "0-1"]
[WhiteElo "1309"]
[BlackElo "2009"]
[EventDate "2018.07.21"]
[WhiteFideId "1533010"]
[BlackFideId "1443933"]

1.d4 d5 2.Bf4 c5 3.e3 Nc6 4.c3 Nf6 5.Bd3 g6 6.dxc5 e5 7.Bg5 Bxc5 8.Nd2 h6 
9.Bh4 Be7 10.f3 Qb6 11.Bf2 Qxb2 12.Qc2 Qxa1+ 13.Nb1 Ba3 14.Ne2 Qb2 15.O-O 
Qxc2 16.Bxc2 0-1

[Event "Xtracon Chess Open 2018"]
[Site "Elsinore"]
[Date "2018.07.21"]
[Round "1"]
[White "Stern, Geoffrey"]
[Black "Thybo, Jan"]
[Result "1-0"]
[WhiteElo "2008"]
[BlackElo "1272"]
[EventDate "2018.07.21"]
[WhiteFideId "4002679"]
[BlackFideId "1438824"]

1.Nc3 Nf6 2.d4 d6 3.e4 g6 4.g3 Bg7 5.Bg2 O-O 6.Nge2 e5 7.O-O Nbd7 8.h3 a6 
9.a4 Rb8 10.Be3 b6 11.g4 c5 12.d5 Kh8 13.Ng3 Ng8 14.Qd2 Ndf6 15.f4 Bxg4 
16.fxe5 dxe5 17.hxg4 Nxg4 18.Bg5 f6 19.Bh3 fxg5 20.Bxg4 Nh6 21.Be6 Rf4 22.
Nce2 Rxf1+ 23.Rxf1 Qe7 24.Qe3 Rf8 25.Rxf8+ Bxf8 26.Qf3 Kg7 27.Kg2 Nf7 28.
Qb3 Nd8 29.Qxb6 1-0

[Event "Xtracon Chess Open 2018"]
[Site "Elsinore"]
[Date "2018.07.21"]
[Round "1"]
[White "Schnell, Andrea"]
[Black "Jensen, Morten Frank"]
[Result "0-1"]
[WhiteElo "1270"]
[BlackElo "2007"]
[EventDate "2018.07.21"]
[WhiteFideId "16208587"]
[BlackFideId "1407325"]

1.d4 g6 2.Bf4 Bg7 3.e3 d6 4.c3 Nd7 5.Nf3 e5 6.dxe5 dxe5 7.Bg3 Qe7 8.Bc4 
Nb6 9.Bb3 Nh6 10.h3 Bd7 11.O-O O-O-O 12.Qc2 Nf5 13.Bh2 f6 14.Nbd2 h5 15.a4
Bc6 16.e4 Nd6 17.a5 Nd7 18.Nh4 Qe8 19.Rfe1 Bh6 20.Bg3 Bxd2 21.Qxd2 Nc5 22.
Bd5 Bxd5 23.exd5 Nb3 24.Qe3 Nxa1 25.Rxa1 Kb8 26.f3 g5 27.Bf2 gxh4 28.Qxa7+
Kc8 29.Bxh4 Qg6 30.Qf2 Rhg8 31.a6 bxa6 32.Rxa6 Kd7 33.b4 Ra8 34.Rxa8 Rxa8 
35.Qf1 Ra2 36.Bf2 Qc2 37.c4 Rb2 38.c5 Rb1 39.cxd6 Rxf1+ 40.Kxf1 Qd1+ 41.
Be1 Kxd6 42.Kf2 h4 43.Kf1 Kxd5 44.Kf2 Kd4 45.b5 Kd3 46.Bb4 f5 47.Ba5 f4 
48.Bxc7 Qc2+ 0-1

[Event "Xtracon Chess Open 2018"]
[Site "Elsinore"]
[Date "2018.07.21"]
[Round "1"]
[White "Frisk, Hans"]
[Black "Nielsen, Bjorn"]
[Result "1-0"]
[WhiteElo "2004"]
[BlackElo "1261"]
[EventDate "2018.07.21"]
[WhiteFideId "1708570"]
[BlackFideId "1416839"]

1.c4 e5 2.g3 Nc6 3.Bg2 Nf6 4.Nc3 Be7 5.e3 e4 6.Nxe4 Nxe4 7.Bxe4 g6 8.Ne2 
O-O 9.O-O Bf6 10.d4 Qe7 11.Bg2 Rb8 12.Nc3 b6 13.Nd5 Qd8 14.Nxf6+ Qxf6 15.
b3 a5 16.Bb2 Qe7 17.d5 Nd8 18.Qd4 f6 19.d6 Qxd6 20.Qxd6 cxd6 21.Rfd1 Nb7 
22.Ba3 Kf7 23.Bxd6 Nxd6 24.Rxd6 Rd8 25.Rad1 Ke7 26.h4 f5 27.h5 g5 28.Rh6 
Rh8 29.Bh3 g4 30.Bg2 Ba6 31.Rdd6 Bc8 32.Rxb6 Rxb6 33.Rxb6 d6 34.Rb8 Rd8 
35.Ra8 h6 36.Rxa5 Kf6 37.Ra8 Ke7 38.a4 Be6 39.Rxd8 Kxd8 40.Bd5 Bd7 41.Kf1 
Kc7 42.a5 Bc8 43.b4 Kb8 44.Ke2 Ka7 45.Kd3 Ka6 46.Kd4 Bd7 47.Bf7 Bc8 48.Kd5
Bb7+ 49.Kxd6 Be4 50.Ke5 Ka7 51.Bd5 Bc2 52.b5 Kb8 53.b6 Ba4 54.a6 Bd7 55.
a7+ Kc8 56.a8=Q# 1-0

[Event "Xtracon Chess Open 2018"]
[Site "Elsinore"]
[Date "2018.07.21"]
[Round "1"]
[White "Ji, Jiabao Eivind"]
[Black "Khlopushin, Dmitriy"]
[Result "0-1"]
[WhiteElo "1250"]
[BlackElo "2000"]
[EventDate "2018.07.21"]
[WhiteFideId "1540882"]
[BlackFideId "44147864"]

1.e4 e5 2.Nf3 Nc6 3.d4 exd4 4.Nxd4 Bc5 5.Be3 Qf6 6.c3 Nge7 7.Bc4 Ne5 8.Bb3
Qg6 9.O-O d6 10.f3 O-O 11.Nd2 N7c6 12.Nc2 Bh3 13.Qe2 Nd3 14.Kh1 Bxe3 15.
Nxe3 Nf4 16.Qf2 Bd7 17.Qh4 Nd3 18.Rad1 Nxb2 19.Rb1 Nd3 20.Nd5 Rae8 21.Nxc7
Re5 22.Nd5 Rh5 23.Ne7+ Nxe7 24.Qxe7 Qg3 25.h3 Nf4 26.Rg1 Rxh3+ 27.gxh3 
Qxh3# 0-1

[Event "Xtracon Chess Open 2018"]
[Site "Elsinore"]
[Date "2018.07.21"]
[Round "1"]
[White "Jensen, Michael Agermose"]
[Black "Johansen, Paul Ivar"]
[Result "1-0"]
[WhiteElo "1999"]
[BlackElo "1244"]
[EventDate "2018.07.21"]
[WhiteFideId "1408216"]
[BlackFideId "1508024"]

1.e4 c6 2.d4 d5 3.e5 Bf5 4.h4 h6 5.g4 Bh7 6.c4 e6 7.Nc3 Bb4 8.a3 Bxc3+ 9.
bxc3 Ne7 10.c5 O-O 11.Bd3 Nd7 12.Bxh7+ Kxh7 13.g5 Nf5 14.Nf3 Qe7 15.Qd3 b6
16.cxb6 axb6 17.h5 Qe8 18.Nh4 c5 19.Nxf5 exf5 20.Qxf5+ Kg8 21.gxh6 g6 22.
Qd3 Nf6 23.h7+ Kxh7 24.hxg6+ Kg7 25.Bh6+ Kg8 26.g7 1-0

[Event "Xtracon Chess Open 2018"]
[Site "Elsinore"]
[Date "2018.07.21"]
[Round "1"]
[White "Schmied, Andreas"]
[Black "O`gorman, Pipa"]
[Result "1-0"]
[WhiteElo "1997"]
[BlackElo "1231"]
[EventDate "2018.07.21"]
[WhiteFideId "4625897"]
[BlackFideId "45171637"]

1.d4 d5 2.Nf3 Nf6 3.c4 c6 4.Nc3 Bg4 5.cxd5 cxd5 6.Qb3 b6 7.Ne5 e6 8.Bg5 
Bh5 9.e3 Be7 10.Bb5+ Nfd7 11.Bxe7 Qxe7 12.Qa4 a6 13.O-O Ra7 14.Bxd7+ Nxd7 
15.Nc6 Qg5 16.f4 Qf6 17.Nxa7 Qd8 18.Nc6 Qc7 19.Ne5 g5 20.Rac1 Qb7 21.Qxd7+
Qxd7 22.Nxd7 Kxd7 23.fxg5 Rg8 24.h4 Ke7 25.Na4 b5 26.Nc5 a5 27.Nb7 a4 28.
Rc7+ Kf8 29.Rc8+ Kg7 30.Rxg8+ Kxg8 31.a3 Kf8 32.Nd6 Ke7 33.Nxb5 Be2 34.Nc3
Bxf1 35.Kxf1 Kf8 36.Nxa4 Kg7 37.Nc5 Kg6 38.Kf2 Kh5 39.g3 Kg4 40.a4 1-0

[Event "Xtracon Chess Open 2018"]
[Site "Elsinore"]
[Date "2018.07.21"]
[Round "1"]
[White "Bering, Anders"]
[Black "Mansoor, Areeb"]
[Result "1-0"]
[WhiteElo "1995"]
[BlackElo "1205"]
[EventDate "2018.07.21"]
[WhiteFideId "1405810"]
[BlackFideId "1535870"]

1.e4 e5 2.Nf3 Nc6 3.Bb5 a6 4.Ba4 Nf6 5.O-O Bc5 6.c3 b5 7.Bc2 d6 8.d4 exd4 
9.cxd4 Ba7 10.h3 Bb7 11.Nc3 Qd7 12.e5 Ng8 13.exd6 Qxd6 14.Ne4 Qd5 15.Bb3 
Qf5 16.Ng3 Qg6 17.Bf4 Qf6 18.Bg5 Qd6 19.Nf5 Qg6 20.Bc2 h6 21.Re1+ Kf8 22.
Nxh6 Qd6 23.Nf5 Qg6 24.Ng3 Qd6 25.Ne4 Qd5 26.Bb3 Qf5 27.Rc1 Qd7 28.d5 Nb4 
29.Nc5 Bc8 30.Nxd7+ 1-0

[Event "Xtracon Chess Open 2018"]
[Site "Elsinore"]
[Date "2018.07.21"]
[Round "1"]
[White "Koellner, Aaron Noah"]
[Black "Kristiansen, Elias V."]
[Result "1-0"]
[WhiteElo "1992"]
[BlackElo "1163"]
[EventDate "2018.07.21"]
[WhiteFideId "12993085"]
[BlackFideId "1530003"]

1.d4 Nf6 2.Nf3 c6 3.Nbd2 d5 4.e3 Bf5 5.h3 e6 6.Ne5 Nbd7 7.g4 Bg6 8.h4 h6 
9.Nxg6 fxg6 10.Bd3 Kf7 11.c4 dxc4 12.Nxc4 Bb4+ 13.Bd2 Bxd2+ 14.Nxd2 c5 15.
Qf3 cxd4 16.exd4 Qb6 17.Nb3 Qb4+ 18.Ke2 e5 19.g5 exd4 20.gxf6 Rae8+ 21.Kf1
gxf6 22.Qd5+ Ke7 23.Bxg6 Ref8 24.Re1+ Kd8 25.Nxd4 Rfg8 26.Ne6+ Kc8 27.Rc1+
Kb8 28.Qxd7 Qxb2 29.Rb1 1-0

[Event "Xtracon Chess Open 2018"]
[Site "Elsinore"]
[Date "2018.07.22"]
[Round "2"]
[White "Eriksson, Jorgen"]
[Black "Vitiugov, Nikita"]
[Result "0-1"]
[WhiteElo "2206"]
[BlackElo "2734"]
[EventDate "2018.07.21"]
[WhiteFideId "1701967"]
[BlackFideId "4152956"]

1.d4 Nf6 2.c4 e6 3.Nf3 d5 4.Nc3 Bb4 5.Qa4+ Nc6 6.Ne5 Bd7 7.Nxd7 Nxd7 8.e3 
O-O 9.cxd5 exd5 10.Bd3 Nf6 11.O-O a6 12.Bd2 Re8 13.f3 Bf8 14.a3 Ne7 15.Be1
Ng6 16.Bf2 c5 17.Rfe1 Qb6 18.Qc2 cxd4 19.exd4 Nf4 20.Bf1 Ne6 21.Red1 Rac8 
22.Qd2 Bd6 23.Ne2 Qc7 24.Rac1 Qb8 25.Bg3 Bxg3 26.Nxg3 Rxc1 27.Rxc1 g6 28.
Ne2 h5 29.g3 h4 30.Bh3 hxg3 31.hxg3 Nh5 32.Kf2 Neg7 33.f4 Nf6 34.Nc3 Qd6 
35.Re1 Ne4+ 36.Nxe4 dxe4 37.Qe3 Nh5 38.Rc1 Nf6 39.Rc8 Rxc8 40.Bxc8 Qb6 41.
b4 Qc6 42.Bh3 Qc2+ 43.Qe2 Qc3 44.Qe3 Qb2+ 45.Kg1 Qb1+ 46.Bf1 Nd5 47.Qe2 e3
48.Qf3 Qe1 49.f5 gxf5 50.Qxd5 Qf2+ 51.Kh1 Qxf1+ 52.Kh2 Qe2+ 53.Kh1 Qg4 54.
Qe5 f4 55.gxf4 e2 56.Qe8+ Kg7 57.Qe5+ Kh7 58.Qe7 Qh3+ 0-1

[Event "Xtracon Chess Open 2018"]
[Site "Elsinore"]
[Date "2018.07.22"]
[Round "2"]
[White "Andreikin, Dmitry"]
[Black "Thannheiser, Thomas"]
[Result "1-0"]
[WhiteElo "2702"]
[BlackElo "2201"]
[EventDate "2018.07.21"]
[WhiteFideId "4158814"]
[BlackFideId "4691059"]

1.e4 c5 2.Nc3 Nc6 3.Bb5 Nd4 4.Nf3 g6 5.Nxd4 cxd4 6.Ne2 Bg7 7.O-O e6 8.c3 
Qb6 9.a4 e5 10.cxd4 exd4 11.Qb3 Ne7 12.a5 Qc5 13.d3 O-O 14.Bf4 Nc6 15.Rfc1
Qe7 16.Qd5 Re8 17.Bd6 Qe6 18.Nf4 Qf6 19.Qc5 Bf8 20.Bxf8 Qxf4 21.Bd6 Qf6 
22.e5 Rxe5 23.Bxe5 Nxe5 24.Qd5 a6 25.Bxa6 Rxa6 26.Rxc8+ Kg7 27.Qc5 d6 28.
Qb5 Qf5 29.Qxb7 Nxd3 30.Qxa6 Qxf2+ 31.Kh1 Ne1 32.Rc2 Nxc2 33.Qf1 Qd2 34.
Qd1 Qf2 35.a6 d3 36.a7 d2 37.a8=Q 1-0

[Event "Xtracon Chess Open 2018"]
[Site "Elsinore"]
[Date "2018.07.22"]
[Round "2"]
[White "Sorensen, Hampus"]
[Black "Saric, Ivan"]
[Result "0-1"]
[WhiteElo "2204"]
[BlackElo "2689"]
[EventDate "2018.07.21"]
[WhiteFideId "8703884"]
[BlackFideId "14508150"]

1.d4 g6 2.c4 Nf6 3.g3 c6 4.Bg2 d6 5.Nc3 Bg7 6.Nf3 Bf5 7.O-O Ne4 8.Nxe4 
Bxe4 9.b3 a5 10.Bb2 a4 11.Qd2 O-O 12.Nh4 Bxg2 13.Kxg2 Qb6 14.b4 a3 15.Bc3 
Qa6 16.Qd3 d5 17.c5 Qxd3 18.exd3 Na6 19.Rab1 Nc7 20.Nf3 Nb5 21.Ba1 f6 22.
Rfe1 Kf7 23.h3 h5 24.Re2 Bh6 25.Rbe1 Rfe8 26.Rc2 Ra4 27.Rb1 g5 28.g4 hxg4 
29.hxg4 Rh8 30.Rcc1 Bf8 31.Rh1 Rxh1 32.Kxh1 e6 33.Ne1 Be7 34.Kg2 Ra8 35.
Nf3 Rh8 36.Rc1 f5 37.Ne5+ Kg7 38.f3 Bf6 39.Re1 Ra8 40.Rc1 Ra4 41.Rb1 Bxe5 
42.dxe5 d4 43.Kf2 Kg6 44.Kf1 Ra8 45.Rc1 Rd8 46.Kf2 fxg4 47.fxg4 Rf8+ 48.
Kg3 Rf4 49.Re1 Kf7 50.Re2 Nc7 51.Rf2 Nd5 52.Bxd4 Kg6 53.Rxf4 gxf4+ 54.Kf3 
Kg5 55.Ba1 Nxb4 56.Bc3 Nxd3 57.Bd4 Ne1+ 58.Ke2 Nc2 0-1

[Event "Xtracon Chess Open 2018"]
[Site "Elsinore"]
[Date "2018.07.22"]
[Round "2"]
[White "Grandelius, Nils"]
[Black "Moe, Mogens"]
[Result "1-0"]
[WhiteElo "2668"]
[BlackElo "2199"]
[EventDate "2018.07.21"]
[WhiteFideId "1710400"]
[BlackFideId "1400550"]

1.Nf3 Nf6 2.c4 g6 3.g3 Bg7 4.Bg2 O-O 5.Nc3 d5 6.cxd5 Nxd5 7.h4 h6 8.O-O c5
9.d3 Nc6 10.Bd2 Nxc3 11.bxc3 Qd6 12.Be3 Be6 13.Qc1 Kh7 14.Rd1 Rac8 15.Qa3 
b6 16.Bf4 Qd7 17.d4 cxd4 18.cxd4 Bc4 19.Rd2 Rfd8 20.Rad1 Qe8 21.d5 Na5 22.
Be5 Bf8 23.Ba1 e5 24.Qe3 f6 25.h5 Bb4 26.hxg6+ Qxg6 27.Nxe5 Bxd2 28.Rxd2 
Qb1+ 29.Kh2 Qxa1 30.Qe4+ Kh8 31.Nf7+ Kg7 32.Nxd8 f5 33.Qe7+ Kh8 34.Qf8+ 
Kh7 35.Qxf5+ 1-0

[Event "Xtracon Chess Open 2018"]
[Site "Elsinore"]
[Date "2018.07.22"]
[Round "2"]
[White "Grove, Peter"]
[Black "Jobava, Baadur"]
[Result "0-1"]
[WhiteElo "2202"]
[BlackElo "2644"]
[EventDate "2018.07.21"]
[WhiteFideId "1411101"]
[BlackFideId "13601520"]

1.e4 c5 2.Nf3 d6 3.Bb5+ Bd7 4.Bxd7+ Qxd7 5.O-O Nc6 6.c4 g6 7.d4 Bg7 8.dxc5
dxc5 9.Qxd7+ Kxd7 10.Nc3 Bxc3 11.bxc3 b6 12.Be3 Nf6 13.Nd2 Ng4 14.Bf4 Rad8
15.Nb3 Nge5 16.Rfd1+ Kc8 0-1

[Event "Xtracon Chess Open 2018"]
[Site "Elsinore"]
[Date "2018.07.22"]
[Round "2"]
[White "Shirov, Alexei"]
[Black "Johannsson, Orn Leo"]
[Result "1-0"]
[WhiteElo "2637"]
[BlackElo "2196"]
[EventDate "2018.07.21"]
[WhiteFideId "2209390"]
[BlackFideId "2303051"]

1.e4 e6 2.d4 d5 3.Nc3 dxe4 4.Nxe4 Nd7 5.g4 Rb8 6.Qe2 b5 7.a4 b4 8.d5 e5 9.
Be3 a5 10.O-O-O Bd6 11.f4 Ne7 12.Nf3 Nf6 13.Nxd6+ cxd6 14.fxe5 Nxg4 15.Bg5
f6 16.exf6 gxf6 17.Bh4 O-O 18.Nd4 Ne5 19.Rg1+ Kh8 20.Qh5 N7g6 21.Nc6 Qb6 
22.Rxg6 Nxg6 23.Bd3 Kg7 24.Nxb8 Qe3+ 25.Kb1 Qf4 26.Rg1 f5 27.Bg5 Qd4 28.
Qh6+ Kg8 29.Be3 Qxd5 30.Nc6 1-0

[Event "Xtracon Chess Open 2018"]
[Site "Elsinore"]
[Date "2018.07.22"]
[Round "2"]
[White "Bekker-Jensen, David"]
[Black "Hammer, Jon Ludvig"]
[Result "0-1"]
[WhiteElo "2200"]
[BlackElo "2631"]
[EventDate "2018.07.21"]
[WhiteFideId "1403095"]
[BlackFideId "1503707"]

1.d4 Nf6 2.c4 g6 3.g3 c5 4.Nf3 Bg7 5.Nc3 O-O 6.Bg2 d6 7.O-O Nc6 8.dxc5 
dxc5 9.Be3 Qa5 10.Qb3 Qb4 11.Nd5 Nxd5 12.cxd5 c4 13.Qxb4 Nxb4 14.Bd4 Nxd5 
15.Bxg7 Kxg7 16.Ne5 Nb6 17.Rac1 Rd8 18.Nxc4 Nxc4 19.Rxc4 Rd2 20.Rfc1 Be6 
21.R4c2 Rad8 22.Bxb7 Bxa2 23.Bf3 a5 24.e3 a4 25.Bc6 Rxc2 26.Rxc2 Bb3 27.
Rc1 Rc8 28.Rc3 Kf6 29.Kf1 Ke5 0-1

[Event "Xtracon Chess Open 2018"]
[Site "Elsinore"]
[Date "2018.07.22"]
[Round "2"]
[White "Maze, Sebastien"]
[Black "Gottstein, Claudius-Thomas"]
[Result "1-0"]
[WhiteElo "2628"]
[BlackElo "2190"]
[EventDate "2018.07.21"]
[WhiteFideId "613762"]
[BlackFideId "4653327"]

1.e4 c6 2.d4 d5 3.exd5 cxd5 4.Bd3 Nc6 5.c3 Nf6 6.Bf4 Bg4 7.Qb3 Na5 8.Qa4+ 
Bd7 9.Qc2 Qb6 10.a4 Rc8 11.Nf3 e6 12.Nbd2 Nc6 13.Qb1 a5 14.h3 Ne7 15.Ne5 
Ng6 16.Be3 Bd6 17.O-O Qc7 18.f4 O-O 19.Qc2 Bc6 20.Rae1 Nd7 21.Ndf3 Rfe8 
22.Ng5 Re7 23.Bc1 Ndf8 24.h4 f6 25.h5 Bxe5 26.fxe5 fxg5 27.hxg6 h6 28.Qe2 
Be8 29.Qh5 Qd8 30.Bxg5 hxg5 31.Qh8+ 1-0

[Event "Xtracon Chess Open 2018"]
[Site "Elsinore"]
[Date "2018.07.22"]
[Round "2"]
[White "Andersen, Mads"]
[Black "Jaksland, Tim"]
[Result "1-0"]
[WhiteElo "2597"]
[BlackElo "2185"]
[EventDate "2018.07.21"]
[WhiteFideId "1413864"]
[BlackFideId "1401084"]

1.d4 Nf6 2.c4 c5 3.d5 b5 4.cxb5 a6 5.e3 g6 6.Nc3 Bg7 7.Nf3 O-O 8.a4 Bb7 9.
Ra3 e6 10.d6 Nd5 11.Ne4 axb5 12.Bxb5 Qb6 13.Nfd2 Rc8 14.Nc4 Qd8 15.O-O Na6
16.Ned2 Nab4 17.e4 Nf4 18.Nf3 e5 19.Ncxe5 Bxe5 20.Nxe5 Qg5 21.Bxf4 Qxf4 
22.Nxd7 Rd8 23.Rf3 1-0

[Event "Xtracon Chess Open 2018"]
[Site "Elsinore"]
[Date "2018.07.22"]
[Round "2"]
[White "Weber, Samuel"]
[Black "Bosiocic, Marin"]
[Result "1/2-1/2"]
[WhiteElo "2197"]
[BlackElo "2589"]
[EventDate "2018.07.21"]
[WhiteFideId "12924008"]
[BlackFideId "14507927"]

1.Nf3 Nf6 2.g3 g6 3.Bg2 Bg7 4.O-O O-O 5.d3 d5 6.Nbd2 Nc6 7.e4 e5 8.c3 a5 
9.exd5 Nxd5 10.a4 b6 11.Qc2 Bb7 12.Re1 Qd7 13.Nc4 Rfe8 14.Bd2 h6 15.Rad1 
Rad8 16.Qb3 Kh7 17.Re2 f6 18.Bc1 Ba6 19.Nfd2 Nde7 20.Nf1 f5 21.Ree1 Nd5 
22.Nfe3 Nxe3 23.Bxe3 Qe6 24.Bf1 Qg8 25.Bc1 Re7 26.f4 Red7 27.Qc2 e4 28.b3 
Bxc4 29.dxc4 Nb8 30.Rxd7 Rxd7 31.c5 bxc5 32.Be3 Qf8 33.Bc4 Rd8 34.Rc1 Nc6 
35.Rd1 Rxd1+ 36.Qxd1 Qd6 37.Qc1 Ne7 38.Kf2 c6 39.Qa3 Bxc3 40.Qxc5 Qxc5 41.
Bxc5 Nd5 42.Ba6 Bb4 43.Bd4 Nc7 44.Bc4 g5 45.Bf7 gxf4 46.gxf4 Nd5 47.Be5 
Bd2 48.Kg3 Be1+ 49.Kg2 Ne3+ 50.Kg1 c5 51.h3 Nc2 52.Kf1 Bg3 53.Be8 Nd4 54.
Bd7 e3 55.Bxd4 cxd4 56.Bxf5+ Kg7 57.Ke2 Bxf4 58.Bd3 Kf6 59.Kf3 Ke5 60.b4 
Bg5 1/2-1/2

[Event "Xtracon Chess Open 2018"]
[Site "Elsinore"]
[Date "2018.07.22"]
[Round "2"]
[White "Hansen, Sune Berg"]
[Black "Tiarks, Jann-Christian"]
[Result "1/2-1/2"]
[WhiteElo "2584"]
[BlackElo "2179"]
[EventDate "2018.07.21"]
[WhiteFideId "1400266"]
[BlackFideId "12951595"]

1.c4 c5 2.Nf3 Nc6 3.d4 cxd4 4.Nxd4 Nf6 5.Nc3 g6 6.Nc2 Bg7 7.e4 d6 8.Be2 
O-O 9.O-O Be6 10.Kh1 Rc8 11.f3 Nd7 12.Bd2 a6 13.Qe1 Nc5 14.Rc1 Ne5 15.b3 
Ncd3 16.Qg3 Nxc1 17.Rxc1 Nc6 18.f4 Bd7 19.Rd1 e6 20.Be1 Qe7 21.Qd3 Rcd8 
22.Bf2 Qf6 23.Na4 Qxf4 24.Bg3 Qg5 25.Bxd6 Ne5 26.Qe3 Qxe3 27.Nxe3 Bxa4 28.
Bxf8 Rxd1+ 29.Nxd1 Bxb3 30.Bxg7 Bxd1 31.Bxe5 Bxe2 1/2-1/2

[Event "Xtracon Chess Open 2018"]
[Site "Elsinore"]
[Date "2018.07.22"]
[Round "2"]
[White "Ingvason, Johann"]
[Black "Agdestein, Simen"]
[Result "0-1"]
[WhiteElo "2189"]
[BlackElo "2581"]
[EventDate "2018.07.21"]
[WhiteFideId "2301431"]
[BlackFideId "1500015"]

1.e4 c5 2.Nf3 Nc6 3.d4 cxd4 4.Nxd4 Nf6 5.Nc3 d6 6.Bg5 e6 7.Qd2 Be7 8.O-O-O
O-O 9.f4 Nxd4 10.Qxd4 Qa5 11.e5 dxe5 12.Qxe5 Qxe5 13.fxe5 Nd5 14.Bxe7 Nxe7
15.Bd3 Nc6 16.Rhe1 Rd8 17.Be4 Bd7 18.Bf3 Kf8 19.Nb5 Rab8 20.a3 Ke7 21.Nd6 
b5 22.b4 a5 23.c3 axb4 24.cxb4 Rb6 25.Bxc6 Bxc6 26.Rd2 h5 27.g3 Ra8 28.Kb2
Rba6 29.Rc1 f6 30.Rdc2 Bd7 31.Rc3 fxe5 32.Ne4 R6a7 33.Rf1 Be8 34.Re1 Rd8 
35.Re2 Bg6 36.Nc5 Rd5 37.Nb3 Bd3 38.Re3 Bf5 39.Na5 Kf6 40.Re2 Rad7 41.Kb3 
Bg4 42.Rf2+ Kg6 43.Kb2 e4 44.Nb3 Bf3 45.Rc6 Kf5 46.Kc2 g5 47.Nc5 R7d6 48.
Rxd6 Rxd6 49.Rd2 Rd5 50.Rxd5+ exd5 51.a4 bxa4 52.Nxa4 Be2 53.Kd2 Bc4 54.
Kc3 e3 55.Nc5 Kg4 56.Ne6 Kh3 57.Nc7 Kg2 0-1

[Event "Xtracon Chess Open 2018"]
[Site "Elsinore"]
[Date "2018.07.22"]
[Round "2"]
[White "Svane, Rasmus"]
[Black "Andersen, Morten"]
[Result "1-0"]
[WhiteElo "2580"]
[BlackElo "2174"]
[EventDate "2018.07.21"]
[WhiteFideId "4657101"]
[BlackFideId "1504908"]

1.Nf3 d5 2.d4 Nf6 3.c4 c6 4.Nbd2 Bf5 5.Nh4 Be6 6.e3 g6 7.b3 Bg7 8.Bb2 O-O 
9.Be2 a5 10.O-O Na6 11.Rc1 Ne4 12.Nhf3 Bf5 13.Nxe4 Bxe4 14.Qd2 f6 15.Bc3 
Nb8 16.Nh4 g5 17.f3 Bg6 18.Nxg6 hxg6 19.e4 e6 20.Rce1 f5 21.exd5 exd5 22.
Bd3 Bh6 23.Re6 Kg7 24.Rfe1 Nd7 25.cxd5 cxd5 26.Rd6 g4 27.f4 Re8 28.Bb5 1-0

[Event "Xtracon Chess Open 2018"]
[Site "Elsinore"]
[Date "2018.07.22"]
[Round "2"]
[White "Hinrichs, Lars"]
[Black "Timman, Jan H"]
[Result "1-0"]
[WhiteElo "2185"]
[BlackElo "2555"]
[EventDate "2018.07.21"]
[WhiteFideId "12921769"]
[BlackFideId "1000012"]

1.e4 c5 2.Nf3 e6 3.g3 Nc6 4.Bg2 Nf6 5.Qe2 d6 6.O-O Be7 7.c3 O-O 8.d4 d5 9.
e5 Ne4 10.Rd1 Qb6 11.Be3 Bd7 12.Ne1 cxd4 13.cxd4 f6 14.Bxe4 dxe4 15.d5 Qa5
16.dxc6 Bxc6 17.exf6 Bxf6 18.Nc3 Qf5 19.Nc2 Rad8 20.Rxd8 Rxd8 21.Rd1 Rd3 
22.Nb4 Bxc3 23.Nxc6 Bf6 24.Nd4 Qd5 25.Rxd3 exd3 26.Qxd3 Qxa2 27.b3 Kf7 28.
Nb5 1-0

[Event "Xtracon Chess Open 2018"]
[Site "Elsinore"]
[Date "2018.07.22"]
[Round "2"]
[White "Urkedal, Frode Olav Olsen"]
[Black "Liu, Manli"]
[Result "1-0"]
[WhiteElo "2552"]
[BlackElo "2167"]
[EventDate "2018.07.21"]
[WhiteFideId "1506102"]
[BlackFideId "8608121"]

1.d4 Nf6 2.c4 e6 3.Nc3 d5 4.cxd5 Nxd5 5.e4 Nxc3 6.bxc3 c5 7.a3 cxd4 8.cxd4
e5 9.dxe5 Qa5+ 10.Bd2 Qxe5 11.Nf3 Qxe4+ 12.Be3 Bf5 13.Bb5+ Nc6 14.O-O Rd8 
15.Qc1 Qd5 16.Nd4 Bd7 17.Re1 Be7 18.Nxc6 bxc6 19.Bc4 Qd6 20.Bf4 Qc5 21.Bc7
Rc8 22.Qf4 Be6 23.Bxe6 fxe6 24.Rxe6 Rf8 25.Bd6 1-0

[Event "Xtracon Chess Open 2018"]
[Site "Elsinore"]
[Date "2018.07.22"]
[Round "2"]
[White "Roseneck, Jonas"]
[Black "Chatalbashev, Boris"]
[Result "0-1"]
[WhiteElo "2182"]
[BlackElo "2543"]
[EventDate "2018.07.21"]
[WhiteFideId "12939870"]
[BlackFideId "2900440"]

1.e4 d5 2.exd5 Qxd5 3.Nc3 Qd6 4.d4 Nf6 5.Nf3 g6 6.Nb5 Qb6 7.Na3 Be6 8.Be2 
Bg7 9.O-O c6 10.Ng5 Bf5 11.Nc4 Qd8 12.Ne5 O-O 13.Bc4 Nd5 14.Ngf3 Nd7 15.
Re1 Nxe5 16.Nxe5 Qd6 17.c3 Rad8 18.Ng4 Be6 19.Bb3 c5 20.dxc5 Qxc5 21.Qf3 
h5 22.Ne3 Nxc3 23.Bxe6 fxe6 24.Qxb7 Nd5 25.Bd2 Qd4 26.Ba5 Rb8 27.Qa6 Qf6 
28.Nxd5 exd5 29.Qxa7 Rxb2 30.Rxe7 Rb7 0-1

[Event "Xtracon Chess Open 2018"]
[Site "Elsinore"]
[Date "2018.07.22"]
[Round "2"]
[White "Moradiabadi, Elshan"]
[Black "Vesterli, Michael E."]
[Result "1-0"]
[WhiteElo "2538"]
[BlackElo "2159"]
[EventDate "2018.07.21"]
[WhiteFideId "12501255"]
[BlackFideId "1417339"]

1.d4 g6 2.e4 Bg7 3.Nf3 d6 4.Bd3 Nd7 5.O-O e6 6.c3 Ne7 7.Bf4 h6 8.Na3 O-O 
9.Qd2 Kh7 10.Nc4 b6 11.Rad1 Bb7 12.Qe2 d5 13.exd5 Nxd5 14.Bg3 N7f6 15.Nfe5
Qe7 16.Rfe1 Bh8 17.Nd2 Rac8 18.a3 Qe8 19.Ne4 Nxe4 20.Bxe4 Ba8 21.c4 Ne7 
22.Bc2 Rg8 23.d5 exd5 24.Nxf7 Qxf7 25.Qxe7 Qxe7 26.Rxe7+ Rg7 27.Re6 Rcg8 
28.h4 Rd7 29.h5 Bxb2 30.Bxg6+ Kg7 31.Bf5 1-0

[Event "Xtracon Chess Open 2018"]
[Site "Elsinore"]
[Date "2018.07.22"]
[Round "2"]
[White "Nielsen, Andre"]
[Black "Rasmussen, Allan Stig"]
[Result "1/2-1/2"]
[WhiteElo "2178"]
[BlackElo "2536"]
[EventDate "2018.07.21"]
[WhiteFideId "1518240"]
[BlackFideId "1406000"]

1.e4 e6 2.d4 d5 3.Nc3 Nf6 4.Bg5 dxe4 5.Nxe4 Be7 6.Bxf6 gxf6 7.Nf3 f5 8.Ng3
Qd6 9.Qd2 h5 10.h4 Nd7 11.O-O-O Nf6 12.Qe1 c5 13.Kb1 Kf8 14.Ne5 cxd4 15.c3
b5 16.Bxb5 Qb6 17.Bc4 Rb8 18.Bb3 Bb7 19.Rxd4 Bxg2 20.Rg1 Bd5 21.Rxd5 exd5 
22.Nxf5 Bd6 23.Nxf7 Re8 24.Qd2 Kxf7 25.Bxd5+ Nxd5 26.Qxd5+ Kf8 27.Rg7 Re1+
28.Kc2 Qxf2+ 29.Kb3 Qxf5 30.Qxf5+ Kxg7 31.Qd7+ Be7 32.Qd4+ Bf6 33.Qxa7+ 
Re7 34.Qf2 Rb8+ 35.Kc2 Rbe8 36.Qg3+ Kf7 37.Qf3 Re2+ 38.Kd3 R2e5 39.a4 Rb8 
40.b4 Rd8+ 41.Kc2 Rde8 42.Kd3 R8e7 43.a5 Rc7 44.c4 Rd7+ 45.Kc2 Rd4 46.Kb3 
Rde4 47.Ka4 Rxc4 48.Qb3 Re4 49.a6 Kg7 50.a7 Be7 51.a8=Q Rxb4+ 52.Ka5 Re5+ 
53.Qbd5 Rxd5+ 54.Qxd5 Rxh4 55.Qe6 Bf6 56.Qf5 Rh2 57.Qd7+ Kh6 58.Qf5 Ra2+ 
59.Kb4 Rb2+ 60.Kc4 Bg7 61.Kd3 Rg2 62.Qf4+ Rg5 63.Ke2 Be5 64.Qxg5+ Kxg5 
1/2-1/2

[Event "Xtracon Chess Open 2018"]
[Site "Elsinore"]
[Date "2018.07.22"]
[Round "2"]
[White "Hjartarson, Johann"]
[Black "Kistrup, Nicolai"]
[Result "1-0"]
[WhiteElo "2523"]
[BlackElo "2154"]
[EventDate "2018.07.21"]
[WhiteFideId "2300044"]
[BlackFideId "1444816"]

1.e4 e5 2.Nf3 Nc6 3.Bb5 a6 4.Ba4 Nf6 5.O-O Be7 6.Re1 b5 7.Bb3 d6 8.c3 O-O 
9.h3 Bb7 10.d4 Re8 11.Nbd2 exd4 12.cxd4 Nd7 13.Nf1 Na5 14.Bc2 Bf6 15.N1h2 
h5 16.Rb1 c5 17.d5 Nc4 18.b3 Ncb6 19.Bf4 Qe7 20.a4 Ne5 21.Nd2 g6 22.Be3 
bxa4 23.f4 Ned7 24.bxa4 Bh4 25.Re2 Bxd5 26.exd5 Nxd5 27.Ne4 Nxe3 28.Rxe3 
f5 29.g3 fxe4 30.Rxe4 Qf6 31.Qd5+ Kg7 32.gxh4 Rxe4 33.Qxe4 Rf8 34.Nf3 Rf7 
35.Re1 Nf8 36.Ng5 Rc7 37.Bb3 Rd7 38.Qc4 Qd4+ 39.Qxd4+ cxd4 40.Bd5 Rc7 41.
Rd1 Kf6 42.Rxd4 Nd7 43.Bc4 Rc6 44.a5 Nc5 45.Bd5 Rc7 46.Kg2 Re7 47.Bc6 Re2+
48.Kf3 Ra2 49.Rxd6+ Kg7 50.Rd5 Nb3 51.Rd7+ Kf6 52.Rf7# 1-0